Normal view
MARC view
Entry Personal Name
001 - CONTROL NUMBER
- control field: 51186
003 - CONTROL NUMBER IDENTIFIER
- control field: dpl
005 - DATE AND TIME OF LATEST TRANSACTION
- control field: 20120817121058.0
008 - FIXED-LENGTH DATA ELEMENTS
- fixed length control field: 120817|||a|||||| | ||| d
040 ## - CATALOGING SOURCE
- Original cataloging agency: dpl
- Transcribing agency: dpl
100 ## - HEADING--PERSONAL NAME
- Personal name: Sharan, M.B.
- Dates associated with a name: 1943-
- Fuller form of name: (Mithila Bihari)
670 ## - SOURCE DATA FOUND
- Source citation: Work cat.: (dpl): Sharan, M.B. 1943- (Mithila Bihari), Metaphysical realities in psychology and amnagement :, 2011
670 ## - SOURCE DATA FOUND
- Source citation: Work cat.: (dpl): Sharan, M.B. 1943- (Mithila Bihari), Metaphysical realities in psychology and amnagement :, 2011
